Embriología médica / (Record no. 89450)

MARC details
000 -LEADER
campo de control de longitud fija 00747nam a2200229 i 4500
001 - NÚMERO DE CONTROL
campo de control 89450
003 - IDENTIFICADOR DE NÚMERO DE CONTROL
campo de control ES-MaACL
007 - CAMPO FIJO DE DESCRIPCIÓN FÍSICA--INFORMACIÓN GENERAL
campo de control de longitud fija t|
008 - DATOS DE LONGITUD FIJA--INFORMACIÓN GENERAL
campo de control de longitud fija 050110s1986 ag ||||1| spa d
020 ## - NÚMERO INTERNACIONAL ESTÁNDAR DEL LIBRO
Número Internacional Estándar del Libro 950-06-1335-2
100 1# - ENTRADA PRINCIPAL--NOMBRE DE PERSONA
Nombre de persona Langman, Jan.
9 (RLIN) 70069
245 10 - MENCIÓN DEL TÍTULO
Título Embriología médica /
Mención de responsabilidad, etc. Lagman, T.W. Sadler ; ilustraciones de Jill Leland ; traducción por Irma Lorenzo.
250 ## - MENCION DE EDICION
Mención de edición 5ª ed.
260 ## - PUBLICACIÓN, DISTRIBUCIÓN, ETC.
Lugar de publicación, distribución, etc. Buenos Aires, etc. :
Nombre del editor, distribuidor, etc. Editorial Médica Panamericana ;
Lugar de publicación, distribución, etc. Baltimore :
Nombre del editor, distribuidor, etc. Williams and Wilkins,
Fecha de publicación, distribución, etc. 1986.
300 ## - DESCRIPCIÓN FÍSICA
Extensión 424 p. :
Otras características físicas il. ;
Dimensiones 23 cm.
500 ## - NOTA GENERAL
Nota general Indice.
504 ## - NOTA DE BIBLIOGRAFÍA, ETC.
Nota de bibliografía, etc. Bibliografía.
700 1# - ENTRADA AGREGADA--NOMBRE PERSONAL
Nombre de persona Sadler, T. W.
9 (RLIN) 101283
700 1# - ENTRADA AGREGADA--NOMBRE PERSONAL
Nombre de persona Leland, Jill.
9 (RLIN) 71429
700 1# - ENTRADA AGREGADA--NOMBRE PERSONAL
Nombre de persona Lorenzo, Irma.
9 (RLIN) 74150
852 ## - LOCALIZACIÓN
Ubicación ES-MaACL
Número de control de estantería C-58
Sublocalización o colección R.114369
Holdings
Estatus retirado Estado de pérdida Estado de daño No para préstamo Biblioteca de origen Biblioteca actual Ubicación en estantería Fecha de adquisición Fuente de adquisición Total de préstamos Signatura topográfica completa Código de barras Visto por última vez Precio de reemplazo Tipo de ítem Koha
        Biblioteca del Ateneo de Madrid Biblioteca del Ateneo de Madrid Sala Palomar 17/01/2008     C-58 1093419 23/02/2023 23/02/2023 Libro impreso